La gran aldea /
Guardado en:
| Autor Principal: | |
|---|---|
| Formato: | Libro |
| Publicado: |
Buenos Aires :
Centro Editor De America Latina,
1967
|
| Series: | Bibl.argentina Fundamental
|
| Materias: | |
| Etiquetas: |
Agregar Etiqueta
Sin Etiquetas, Sea el primero en etiquetar este registro!
|
| LEADER | 00544nam a22001695a 4500 | ||
|---|---|---|---|
| 001 | EHU.bham010913 | ||
| 003 | AR-BHAM | ||
| 005 | 20140829134502.0 | ||
| 008 | 130507s1967##################000#0#####d | ||
| 082 | A | 8 | |a 863.2 |
| 100 | 1 | |a Lopez, Lucio V. | |
| 245 | 1 | 0 | |a La gran aldea / |c Lucio V. Lopez |
| 260 | |a Buenos Aires : |b Centro Editor De America Latina, |c 1967 | ||
| 300 | |a 136 p. | ||
| 490 | 0 | |a Bibl.argentina Fundamental | |
| 653 | |a Novela argentina-1827-1888 / donación lejarraga | ||
| 859 | |a AR-BHAM |b BIB. HUMANIDADES - General |h A863.2 |i L881 |k A |p 674.74 |t Ej.1 | ||
